Lectures de Proust. (Record no. 81008)
[ view plain ]
| 000 -LEADER | |
|---|---|
| fixed length control field | 00808cam6a220025300 4500 |
| 001 - CONTROL NUMBER | |
| control field | qcf00126902 |
| 005 - DATE AND TIME OF LATEST TRANSACTION | |
| control field | 20190816090103.0 |
| 008 - FIXED-LENGTH DATA ELEMENTS--GENERAL INFORMATION | |
| fixed length control field | 720103s1971 fr b 000 0 fre |
| 010 ## - LIBRARY OF CONGRESS CONTROL NUMBER | |
| LC control number | 77861402 |
| 035 ## - SYSTEM CONTROL NUMBER | |
| System control number | (Sirsi) r124226 |
| 035 ## - SYSTEM CONTROL NUMBER | |
| System control number | (QCAT)lss00131310 |
| 035 ## - SYSTEM CONTROL NUMBER | |
| System control number | (UPRA)qcf00126902 |
| 040 ## - CATALOGING SOURCE | |
| Modifying agency | UPRA |
| 050 0# - LIBRARY OF CONGRESS CALL NUMBER | |
| Classification number | PQ2631.R63 |
| Item number | Z925 |
| 100 1# - MAIN ENTRY--PERSONAL NAME | |
| Personal name | Tadie, Jean-Yves, 1936- |
| Dates associated with a name | Tadie, Jean-Yves, 1936- |
| Linkage | A92351.1 |
| 245 10 - TITLE STATEMENT | |
| Title | Lectures de Proust. |
| 260 ## - PUBLICATION, DISTRIBUTION, ETC. | |
| Place of publication, distribution, etc. | Paris : |
| Name of publisher, distributor, etc. | A. Colin, |
| Date of publication, distribution, etc. | [1971] |
| 490 0# - SERIES STATEMENT | |
| Series statement | Collection U2, 169. Serie Lectures |
| Linkage | S13874.1 |
| 504 ## - BIBLIOGRAPHY, ETC. NOTE | |
| Bibliography, etc. note | Bibliography: p. [259]-276. |
| 504 ## - BIBLIOGRAPHY, ETC. NOTE | |
| Bibliography, etc. note | Bibliographical footnotes. |
| 600 10 - SUBJECT ADDED ENTRY--PERSONAL NAME | |
| Personal name | Proust, Marcel, 1871-1922. |
| Dates associated with a name | Proust, Marcel, 1871-1922. |
| Linkage | S34853.1 |
| 949 ## - LOCAL PROCESSING INFORMATION (OCLC) | |
| a | PQ2631.R63 |
| w | lcc |
| i | -178462 |
| m | MAIN |
| t | BOOK |
| l | ON-SHELF |
No items available.